Houses now 2 (Record no. 9819)

000 -LEADER
fixed length control field 00342nam a2200157Ia 4500
003 - CONTROL NUMBER IDENTIFIER
control field OSt
005 - DATE AND TIME OF LATEST TRANSACTION
control field 20220303174159.0
008 - FIXED-LENGTH DATA ELEMENTS--GENERAL INFORMATION
fixed length control field 220112s9999||||xx |||||||||||||| ||und||
010 ## - LIBRARY OF CONGRESS CONTROL NUMBER
LC control number 728.37728
020 ## - INTERNATIONAL STANDARD BOOK NUMBER
International Standard Book Number 9789812455550
082 ## - DEWEY DECIMAL CLASSIFICATION NUMBER
Classification number 728.37728
Item number BRO
100 ## - MAIN ENTRY--PERSONAL NAME
Personal name Broto, Carles
245 #0 - TITLE STATEMENT
Title Houses now 2
260 ## - PUBLICATION, DISTRIBUTION, ETC. (IMPRINT)
Name of publisher, distributor, etc Page one
942 ## - ADDED ENTRY ELEMENTS (KOHA)
Source of classification or shelving scheme
Holdings
Withdrawn status Lost status Source of classification or shelving scheme Damaged status Koha normalized classification for sorting Not for loan Permanent location Current location Date acquired Source of acquisition Cost, normal purchase price Full call number Barcode Date last seen Cost, replacement price Price effective from Koha item type
        728_377280000000000_BRO   BMS College of Architecture, Design and Planning BMS College of Architecture, Design and Planning 2022-03-03 4 3375.00 728.37728 BRO AR-UG2402 2022-03-03 4500.00 2022-03-03 UG Books
Copyright © 2025, The Librarian, Library and Information Centre, BMSCA D&P, Bengaluru. All Rights Reserved
web counter

Powered by Koha